Normal view
MARC view
Entry Personal Name
001 - CONTROL NUMBER
- control field: 52497
003 - CONTROL NUMBER IDENTIFIER
- control field: ARRUPE
005 - DATE AND TIME OF LATEST TRANSACTION
- control field: 20240305143030.0
008 - FIXED-LENGTH DATA ELEMENTS
- fixed length control field: 240305|| aca||aabn | a|a d
040 ## - CATALOGING SOURCE
- Original cataloging agency: ARRUPE
- Transcribing agency: ARRUPE
100 ## - HEADING--PERSONAL NAME
- Personal name: Campangna S, Anthony
670 ## - SOURCE DATA FOUND
- Source citation: Work cat.: (ARRUPE)131818: Campangna S, Anthony, econimic policy in the carter Administration., 1995.